| 000 | 00680nam a2200181 i 4500 | ||
|---|---|---|---|
| 001 | 166883 | ||
| 003 | ES-MaACL | ||
| 005 | 20230906213424.0 | ||
| 008 | 931025s1885 sp |||| | spa d | ||
| 100 | 1 |
_aValentín, Hermógenes. _9133503 |
|
| 245 | 1 | 0 |
_aBaños termales de Molinar de Carranza en Vizcaya / _c[Hermógenes Valentín]. |
| 260 |
_aBilbao : _b[s.n.], _c1885 ( _fImp. de Juan E. Delmas) |
||
| 300 |
_a39 [i.e. 37] p. ; _c21 cm. |
||
| 594 | _aAutor tomado del final de la obra. | ||
| 650 | 4 |
_aAguas minerales- _zPaís Vasco. _9172296 |
|
| 650 | 4 |
_aFuentes termales- _zPaís Vasco. _9172342 |
|
| 852 |
_aES-MaACL _jT-401-F-6 _z- Enc. hol. _z- Enc. en un vol. facticio. |
||
| 999 |
_c166883 _d166883 |
||